000 00759nam a22002295i 4500
001 162633
003 ES-MaACL
005 20250822063217.0
008 990420s1865 fr |||| | fre d
040 _aM-RACM
_bspa
_cM-RACM
_dCCPB | B
100 _aProudhon, Pierre-Joseph,
_d1809-1865
_9223708
245 1 0 _aDe la capacité politique des classes ouvrières /
_cpar P.-J. Proudhon ; [preface de Gustave Chaudey].
250 _aTroisième éd.
260 _aParis :
_bE. Dentu,
_c1865 (
_fImp. Balitout)
300 _a455 p. ;
_c19 cm.
597 1 _aAntep.
650 4 _aTrabajadores.
_917577
650 4 _aPolítica social.
_916308
752 _aFrancia -
_dParís
852 _aES-MaACL
_jG-8558
_z-- Enc. hol.
999 _c162633
_d162633